000 00436nam a2200145Ia 4500
008 100415s9999 xx 000 0 und d
082 _b9605
_a598.2(42)
100 _aPike Oliver G
245 _aThrough Birdland Byways With Pen and Camera
260 _aLONDON
_c0
_bJARROLD AND SONS
365 _b0
630 _aThrough Birdland Byways With Pen and Camera
730 _aThrough Birdland Byways With Pen and Camera
942 _cBOOK
999 _c592543
_d592540